Study Guide for Burger's Personality / Fourth Edition (Record no. 334)
[ view plain ]
| 000 -LEADER | |
|---|---|
| fixed length control field | 01227cam a22002054a 4500 |
| 005 - ΗΜΕΡΟΜΗΝΙΑ ΚΑΙ ΩΡΑ ΤΕΛΕΥΤΑΙΑΣ ΕΝΗΜΕΡΩΣΗΣ | |
| Πεδίο ελέγχου | 20250605163932.0 |
| 008 - FIXED-LENGTH DATA ELEMENTS--GENERAL INFORMATION | |
| Πεδίο ελέγχου σταθερού μήκους | 250528s ||||||||||||||||||||||||d |
| 035 ## - SYSTEM CONTROL NUMBER | |
| System control number | 14713 |
| 020 ## - ISBN | |
| ISBN | 534345611 |
| 040 ## - ΠΗΓΗ ΚΑΤΑΛΟΓΟΓΡΑΦΗΣΗΣ | |
| Φορέας πρωτότυπης καταλογογράφησης | MC Athens Campus Library |
| Γλώσσα καταλογογράφησης | Ελληνικά, Μοντέρνα (1453-) |
| Modifying agency | MC Athens Campus Library |
| Κανόνες περιγραφικής καταλογογράφησης | AACR2 |
| 245 1# - ΤΙΤΛΟΣ ΚΑΙ ΔΗΛΩΣΗ ΥΠΕΥΘΥΝΟΤΗΤΑΣ | |
| Τίτλος | Study Guide for Burger's Personality / Fourth Edition |
| 250 ## - EDITION STATEMENT | |
| Edition statement | 4th |
| 260 ## - PUBLICATION, DISTRIBUTION, ETC. | |
| Name of publisher, distributor, etc. | Brooks/Cole Publishing Company, |
| Date of publication, distribution, etc. | 1997 |
| 300 ## - PHYSICAL DESCRIPTION | |
| Extent | 158 |
| 520 ## - SUMMARY, ETC. | |
| Summary, etc. | Develop your understanding of personality theories and earn higher grades at the same time! What is Personality? Personality Research Methods, The Psychoanalytic Approach: Freudian Theory and Application and Assessment, The Freudian Approach: Relevant Research, The Psychoanalytic Approach: Neo-Freudian Theory and Application and Assessment, The Neo-Freudian Theories: Relevant Research, The Trait Approach: Theory and Application and Assessment, The Trait Approach: Relevant Research, The Biological Approach: Theory and Application and Assessment, The Biological Approach: Relevant Research, The Humanistic Approach, The Behavioral/ Social Learning Approach, The Cognitive Approach, Some Concluding Observations. |
| 700 1# - ΠΡΟΣΘΕΤΗ ΑΝΑΓΡΑΦΗ--ΦΥΣΙΚΟ ΠΡΟΣΩΠΟ | |
| Personal name | Wilson Thomas L |
| 9 (RLIN) | 458 |
| 942 ## - ADDED ENTRY ELEMENTS (KOHA) | |
| Koha item type | Books |
| Τύπος τεκμηρίου | Βιβλιοθήκη | Τρέχουσα τοποθεσία | Barcode | Αριθμός εισαγωγής | Ημερομηνία απόκτησης | Ταξιθετικό σύμβολο | Αριθμός αντιτύπου | Κατάσταση απόσυρσης | Κατάσταση χαμένου | Κατάσταση κατεστραμμένου | Μη δανεισμός | Σύνολο δανεισμών | Ημερομηνία τελευταίας εμφάνισης | Η τιμή ισχύει από |
|---|---|---|---|---|---|---|---|---|---|---|---|---|---|---|
| Books | MC Athens Campus Library | MC Athens Campus Library | 9780000003331 | 3998 | 05/06/2025 | 155.2 WIL | 1 | 05/06/2025 | 05/06/2025 |